[Event "Sarajevo Bosna op 48th"]
[Site "Sarajevo"]
[Date "2018.05.09"]
[Round "7"]
[White "Taylor, Robert Graham"]
[Black "Terzic, Enes"]
[Result "0-1"]
[WhiteElo "1889"]
[BlackElo "1716"]
[PlyCount "44"]
[EventDate "2018.05.05"]
[EventType "swiss"]
[EventRounds "9"]
[EventCountry "BIH"]
[SourceTitle "CBM 184 Extra"]
[Source "ChessBase"]
[SourceDate "2018.06.28"]
[SourceVersion "1"]
[SourceVersionDate "2018.06.28"]
[SourceQuality "1"]

1. Nf3 d6 2. d4 Nd7 3. e4 g6 4. Be2 Bg7 5. Nc3 c6 6. 0-0 Qc7 7. Be3 Ngf6 8. h3 0-0 9. Qd2 Re8 10. a4 a5 11. Ne1 e5 12. dxe5 dxe5 13. Rd1 Nf8 14. Bc5 b6 15. Be3 Ne6 16. Qd6 Qb7 17. Nf3 c5 18. Nxe5 Rd8 19. Qxd8+ Nxd8 20. Rxd8+ Bf8 21. Bh6 Be6 22. Rxf8+ Rxf8 0-1

[Event "Sarajevo Bosna op 48th"]
[Site "Sarajevo"]
[Date "2018.05.08"]
[Round "5"]
[White "Terzic, Enes"]
[Black "Fejzic, Danis"]
[Result "1/2-1/2"]
[WhiteElo "1716"]
[BlackElo "1460"]
[PlyCount "53"]
[EventDate "2018.05.05"]
[EventType "swiss"]
[EventRounds "9"]
[EventCountry "BIH"]
[SourceTitle "CBM 184 Extra"]
[Source "ChessBase"]
[SourceDate "2018.06.28"]
[SourceVersion "1"]
[SourceVersionDate "2018.06.28"]
[SourceQuality "1"]

1. d4 Nf6 2. Nf3 g6 3. e3 Bg7 4. Bd3 0-0 5. 0-0 d6 6. b3 c5 7. Bb2 Nbd7 8. c4 cxd4 9. exd4 Re8 10. Re1 Qc7 11. Nc3 h6 12. d5 Nc5 13. Bc2 Bg4 14. h3 Bxf3 15. Qxf3 e5 16. dxe6 Rxe6 17. Rxe6 fxe6 18. Rd1 Rd8 19. Qe3 e5 20. f4 exf4 21. Qxf4 Ne6 22. Qd2 Qc5+ 23. Qf2 Qxf2+ 24. Kxf2 Kf7 25. Ba3 Bf8 26. Rd2 Nc7 27. Bd3 1/2-1/2